Historia del pensamiento económico / (Record no. 175259)

MARC details
000 -CABECERA
campo de control de longitud fija 00764nam a2200241 a 4500
005 - FECHA Y HORA DE LA ÚLTIMA TRANSACCIÓN
campo de control 20240919064406.0
008 - ELEMENTOS DE LONGITUD FIJA--INFORMACIÓN GENERAL
campo de control de longitud fija 150429s2009 mx r 000 0 spa d
020 ## - NÚMERO INTERNACIONAL NORMALIZADO PARA LIBROS
Número Internacional Estándar del Libro 9789706868190 (13 dígitos)
020 ## - NÚMERO INTERNACIONAL NORMALIZADO PARA LIBROS
Número Internacional Estándar del Libro 9706868194 (10 dígitos)
035 ## - NÚMERO DE CONTROL DEL SISTEMA
Número de control de sistema UPN01000203158
049 ## - COLECCIÓN
Colección CG
050 #4 - SIGNATURA TOPOGRÁFICA DE LA BIBLIOTECA DEL CONGRESO
Número de clasificación HB75
Número de documento/Ítem B7.3 2009
100 1# - ASIENTO PRINCIPAL--NOMBRE PERSONAL
Nombre de persona Brue, Stanley L.,
Fechas asociadas al nombre 1945-
9 (RLIN) 37301
245 10 - MENCIÓN DE TÍTULO
Título Historia del pensamiento económico /
Mención de responsabilidad, etc. Stanley L. Brue, Randy R. Grant ; tr. Guadalupe Meza Staines.
250 ## - MENCIÓN DE EDICIÓN
Mención de edición 7a ed.
260 ## - PUBLICACIÓN, DISTRIBUCIÓN, ETC.
Lugar de publicación, distribución, etc. Mexico :
Nombre del editor, distribuidor, etc. Cengage Learning,
Fecha de publicación, distribución, etc. 2009.
300 ## - DESCRIPCIÓN FÍSICA
Extensión xiv, 544 p. :
Otras características físicas figs., tablas
650 #4 - ASIENTO SECUNDARIO DE MATERIA - TERMINO TEMATICO
Término de materia o nombre geográfico como elemento de entrada Economía
Subdivisión general Historia
9 (RLIN) 16774
650 #7 - ASIENTO SECUNDARIO DE MATERIA - TERMINO TEMATICO
Término de materia o nombre geográfico como elemento de entrada Historia económica
Fuente del encabezamiento o término
9 (RLIN) 10243
700 1# - ASIENTO SECUNDARIO--NOMBRE DE PERSONAL
Nombre de persona Grant, Randy R.,
Término indicativo de función/relación coaut.
905 ## - TIPO DE MATERIAL
Tipo de material Libro
Holdings
Estado de retiro Estado de pérdida Fuente del sistema de clasificación o colocación Estado dañado No para préstamo Código de colección Localización permanente Ubicación/localización actual Ubicación en estantería Total de préstamos Clasificación Código de barras Fecha visto por última vez Número de copia Tipo de ítem Koha
    Library of Congress Classification     Colección General Bib. Gregorio Torres Quintero Bib. Gregorio Torres Quintero Planta baja   HB75 B7.3 2009 304032 31/12/2020 1 Libro
    Library of Congress Classification     Colección General Bib. Gregorio Torres Quintero Bib. Gregorio Torres Quintero Planta baja   HB75 B7.3 2009 304031 31/12/2020 1 Libro